000
00315nam a2200133Ia 4500
008
191201s2008 xx 000 0 und d
100
_a
SASI KUMAR, V.
245
0
_a
Course in Listening & Speaking II
250
_a
rep.
260
_b
Foundation Books
_c
2008
300
_a
186
650
_a
Applied
942
_2
ddc
_c
BK
999
_c
4369
_d
4369